Cao Bá Quát: Một tài năng nổi giận

Gespeichert in:
Bibliographische Detailangaben
1. Verfasser: Nguyễn Nghiệp
Format: Buch
Sprache:Undetermined
Veröffentlicht: Hà Nội Văn Học 1996
Schlagworte:
Tags: Tag hinzufügen
Keine Tags, Fügen Sie den ersten Tag hinzu!
Thư viện lưu trữ: Trung tâm Học liệu Trường Đại học Cần Thơ
LEADER 00594nam a2200193Ia 4500
001 CTU_42233
008 210402s9999 xx 000 0 und d
020 |b 12.000đ 
082 |a 895.9223 
082 |b Ngh307 
100 |a Nguyễn Nghiệp 
245 0 |a Cao Bá Quát: Một tài năng nổi giận 
245 0 |c Nguyễn Nghiệp 
260 |a Hà Nội 
260 |b Văn Học 
260 |c 1996 
650 |a poets, vietnamese - biography,vietnamese literature - 20th century 
904 |i Minh, 010713 
980 |a Trung tâm Học liệu Trường Đại học Cần Thơ